=LDR 00000nam 2200000 4500 =001 INLIS000000000009334 =005 20130612101134 =008 ***********************************Ind** =035 ##$$0010-061300000009334 =041 ##$$a Ind =082 ##$$a 745.92 =090 ##$$a 745.92, Erk - s =100 ##$$a Erka, Nn. Yoli =245 ##$$a Seni Merangkai Bunga Shile Eropa, pedoman cara merangkai bunga, menyusun buah dan sayur, Nn Yoli Erka =260 ##$$a 1990 $b Semarang =650 ##$$a Merangkai Bunga =850 ##$$a NBPNMAT